<?xml version="1.0" encoding="UTF-8"?>
<record
    xmlns:xsi="http://www.w3.org/2001/XMLSchema-instance"
    xsi:schemaLocation="http://www.loc.gov/MARC21/slim http://www.loc.gov/standards/marcxml/schema/MARC21slim.xsd"
    xmlns="http://www.loc.gov/MARC21/slim">

  <leader>01235    a2200193   4500</leader>
  <controlfield tag="003">Nust</controlfield>
  <controlfield tag="005">20221229091516.0</controlfield>
  <datafield tag="010" ind1=" " ind2=" ">
    <subfield code="a">54007137</subfield>
  </datafield>
  <datafield tag="040" ind1=" " ind2=" ">
    <subfield code="c">Nust</subfield>
  </datafield>
  <datafield tag="082" ind1=" " ind2=" ">
    <subfield code="a">355.02,GUG</subfield>
  </datafield>
  <datafield tag="100" ind1=" " ind2=" ">
    <subfield code="a">Gugeler, Russell A.</subfield>
    <subfield code="9">49117</subfield>
  </datafield>
  <datafield tag="245" ind1=" " ind2=" ">
    <subfield code="a">Combat actions in Korea:</subfield>
    <subfield code="b">infantry, artillery, armor / </subfield>
    <subfield code="c">Russell A.Gugeler,</subfield>
  </datafield>
  <datafield tag="260" ind1=" " ind2=" ">
    <subfield code="a">Combat Forces Press</subfield>
    <subfield code="b">Washington,</subfield>
    <subfield code="c">1954</subfield>
  </datafield>
  <datafield tag="300" ind1=" " ind2=" ">
    <subfield code="a">xi, 260 p</subfield>
    <subfield code="b"> illus</subfield>
    <subfield code="c">maps</subfield>
    <subfield code="e">24 cm</subfield>
  </datafield>
  <datafield tag="505" ind1=" " ind2=" ">
    <subfield code="a">Withdrawal Action (Page-3), Attack Along a Ridgeline (Page-20), Defense of a Battery Position (Page-31), Attack to the Rear (page-39), Tank Action at Chongju (Page-47),  Artillery at Kunu &#x2013; Ri (Page-53), Chosin Reservoir  (Page-62), Twin Tunnels Patrol Ambush (Page-88), Chipyong- ni  (Page-108), Task Force Crombez (Page-134 ), Tank Support (Page-145), A Rifle Company as a Covering Force (Page-152), Artillery in Perimeter Defense (APge-162), Hill 800 (Bunker Hill) (Page-174), task Force Gerhardt (Page-191), Million Dollar Hill (Page-201) Bloody Ridge (Page-210), Heartbreak Ridge (Page-223), Outpost Eerie (Page-230), Combat Patrol (Page-244).</subfield>
  </datafield>
  <datafield tag="600" ind1=" " ind2=" ">
    <subfield code="a">Gugeler, Russell A.</subfield>
    <subfield code="9">49117</subfield>
  </datafield>
  <datafield tag="650" ind1=" " ind2=" ">
    <subfield code="a">Combat actions in Korea: infantry, artillery, armor</subfield>
    <subfield code="9">106306</subfield>
  </datafield>
  <datafield tag="942" ind1=" " ind2=" ">
    <subfield code="2">ddc</subfield>
    <subfield code="c">BK</subfield>
    <subfield code="k">355.02,GUG</subfield>
  </datafield>
  <datafield tag="999" ind1=" " ind2=" ">
    <subfield code="c">185463</subfield>
    <subfield code="d">185463</subfield>
  </datafield>
  <datafield tag="952" ind1=" " ind2=" ">
    <subfield code="0">0</subfield>
    <subfield code="1">0</subfield>
    <subfield code="2">ddc</subfield>
    <subfield code="4">0</subfield>
    <subfield code="7">0</subfield>
    <subfield code="8">NFIC</subfield>
    <subfield code="a">MCS</subfield>
    <subfield code="b">MCS</subfield>
    <subfield code="d">2016-12-12</subfield>
    <subfield code="l">0</subfield>
    <subfield code="o">355.02  GOG</subfield>
    <subfield code="p">MCS21803</subfield>
    <subfield code="r">2016-12-08</subfield>
    <subfield code="w">2016-12-12</subfield>
    <subfield code="y">BK</subfield>
  </datafield>
  <datafield tag="952" ind1=" " ind2=" ">
    <subfield code="0">0</subfield>
    <subfield code="1">0</subfield>
    <subfield code="2">ddc</subfield>
    <subfield code="4">0</subfield>
    <subfield code="7">0</subfield>
    <subfield code="8">NFIC</subfield>
    <subfield code="a">MCS</subfield>
    <subfield code="b">MCS</subfield>
    <subfield code="d">2016-12-12</subfield>
    <subfield code="l">0</subfield>
    <subfield code="o">355.02  GOG</subfield>
    <subfield code="p">MCS21850</subfield>
    <subfield code="r">2016-12-08</subfield>
    <subfield code="w">2016-12-12</subfield>
    <subfield code="y">BK</subfield>
  </datafield>
</record>
